01353nam a2200337Ia 4500001001200000003000800012006001900020007001500039008004100054010001700095020001500112020001800127020001800145040002100163035002100184050002500205100002300230245008100253260009000334300001500424490006100439504004100500533015200541650003200693650004200725655002900767710001700796830005900813856012600872999001700998ebr10572542CaPaEBRm u cr cn|||||||||120203s2012 enk sb 000 0 eng d z 2012368487 z1780761317 z9780857721464 z9781780761312 aCaPaEBRcCaPaEBR a(OCoLC)79861318214aBP171.5b.S45 2012eb1 aShah-Kazemi, Reza.14aThe spirit of tolerance in Islamh[electronic resource] /cReza Shah-Kazemi. aLondon :bI.B. Tauris :bin association with the Institute of Ismaili Studies,c2012. avi, 165 p.1 aThe Institute of Ismaili Studies, occasional papers ;v4 aIncludes bibliographical references. aElectronic reproduction.bPalo Alto, Calif. :cebrary,d2011.nAvailable via World Wide Web.nAccess may be limited to ebrary affiliated libraries. 0aReligious tolerancexIslam. 0aTolerationxReligious aspectsxIslam. 7aElectronic books.2local2 aebrary, Inc. 0aOccasional papers (Institute of Ismaili Studies) ;v4.40uhttp://site.ebrary.com/lib/rucke/Doc?id=10572542zAn electronic book accessible through the World Wide Web; click to view c80905d80905